| 000 | 00808nam a22002297a 4500 | ||
|---|---|---|---|
| 003 | OSt | ||
| 005 | 20150408114034.0 | ||
| 008 | 120513s2011 jo ||||g b 00| 0 ara d | ||
| 020 | _a9789957711665 | ||
| 040 | _cMU | ||
| 082 | 0 | 4 |
_221 _a615.852 _bع م ط |
| 100 | 1 |
_aعبد الله، محمد محمود. _913887 |
|
| 245 | 1 | 2 |
_aالطب القرآني بين الغذاء والدواء / _cتأليف محمد محمود عبد الله. |
| 250 | _aط. 1. | ||
| 260 |
_aعمان، الأردن : _bدار دجلة، _c2011. |
||
| 300 |
_a267 ص. ؛ _c24 سم. |
||
| 504 | _aيشتمل على ارجاعات ببليوجرافية. | ||
| 650 | 4 |
_aالعلاج بالقرآن. _913888 |
|
| 650 | 4 |
_aالطب في القرآن. _913889 |
|
| 650 | 4 |
_aالطب الإسلامي. _913890 |
|
| 942 |
_2ddc _cDVD |
||
| 999 |
_c23183 _d257683 |
||